Ecología de las aguas corrientes
Gardado en:
| Autor Principal: | |
|---|---|
| Formato: | Libro |
| Idioma: | Lingua castelá |
| Publicado: |
Zaragoza
Acribia
2002
|
| Subjects: | |
| Tags: |
Engadir etiqueta
Sen Etiquetas, Sexa o primeiro en etiquetar este rexistro!
|
MARC
| LEADER | 00000nam a2200000 a 4500 | ||
|---|---|---|---|
| 001 | UCI5988 | ||
| 003 | CL-VaPUC | ||
| 008 | 080418e20020000SP |||||||||||||||||spa|d | ||
| 020 | |a 8420009776 | ||
| 082 | 0 | 4 | |a 577.64 |b ANG |2 21 |
| 100 | 0 | |a Angelier, Eugene |e author |9 528680 | |
| 245 | 1 | 0 | |a Ecología de las aguas corrientes |
| 300 | |a 217 p | ||
| 942 | |c BK | ||
| 945 | |d 20080418 00:00:00 |a rbrito | ||
| 260 | |a Zaragoza |b Acribia |c 2002 | ||
| 650 | 0 | |a Corrientes marinas |9 261372 | |
| 650 | 0 | |a Mareas |9 261385 | |
| 650 | 0 | |a Geomorfología |9 261377 | |
| 650 | 0 | |a Erosión |9 262782 | |
| 650 | 0 | |a Ecología |9 258124 | |
| 650 | 0 | |a Ecosistemas |9 261477 | |
| 650 | 0 | |a Algas marinas |9 261775 | |
| 650 | 0 | |a Plancton |9 261727 | |
| 650 | 7 | |a CONTAMINACION |2 CL-VaPUC |9 258139 | |
| 583 | |a last modification |c 20080418 00:00:00 |k Rodrigo Vera | ||
| 999 | |c 329622 |d 329620 | ||
| 952 | |0 0 |1 0 |4 0 |6 577_640000000000000_ANG_2002 |7 0 |8 A |9 414551 |a BIBING |b BIBING |d 2019-11-22 |i 4429311 |o 577.64 ANG 2002 |p 4429311 |r 2025-01-20 |w 2019-11-22 |y BK |k GEO | ||